| 000 | 01165nac a22003737a 4500 | ||
|---|---|---|---|
| 001 | BR6003525 | ||
| 003 | BR-BrBNA | ||
| 005 | 20240105113054.0 | ||
| 008 | 230509b bl.|||m| |||| 00| 0 por d | ||
| 040 |
_aBR-BrBNA _bpor _cBiblioteca Nacional de Agricultura |
||
| 072 | _aH20 | ||
| 090 | _a0180 BR6003525 | ||
| 100 | 1 | _aLuzzardi, G.C. | |
| 100 | 1 | _aPilrobom, C.R. | |
| 110 | 1 |
_aEmpresa Brasileira de Pesquisa Agropecuaria, Pelotas, RS (Brasil). Representacao Estadual no Rio Grande do Sul _93899 |
|
| 245 | 1 | _aMolestias do trigo na Regiao Sul do Brasil | |
| 260 | 3 |
_aPelotas, RS (Brasil): _c1975. |
|
| 300 | _a24 p. | ||
| 490 |
_aCircular - Empresa Brasileira de Pesquisa Agropecuaria. Representacao Estadual no Rio Grande do Sul (Brazil) _vno. 42 _x |
||
| 650 | _aTRIGO | ||
| 650 | _aFERRUGEM DO COLMO | ||
| 650 | _aFUSARIOSE | ||
| 650 | _aSEPTORIOSE | ||
| 650 | _aFERRUGEM ALARANJADA | ||
| 650 | _aHELMINTOSPORIOSE | ||
| 650 | _aCINZA | ||
| 650 | _aCARVAO | ||
| 650 | _aCARIE | ||
| 650 | _aMAL-DO-PE | ||
| 650 | _aVIROSE VEGETAL | ||
| 650 | _aREGIAO SUL | ||
| 909 |
_a202312 _bLúcia Elande _c55 _dLúcia Elande |
||
| 942 |
_2AGRIS _n0 _cMS |
||
| 999 |
_c261733 _d261733 |
||